000 01012nam a22003017a 4500
003 OSt
005 20250129103134.0
008 250129b |||||||| |||| 00| 0 eng d
020 _a9780323374798 (paperback)
040 _aNUST
_beng
_cNUST
_dNUST
_erda
050 _aRB53 BRU
100 _aBrunzel, Nancy A
_eAuthor
245 _aFundamentals of urine & body fluid analysis /
_cNancy A. Brunzel
250 _aFourth edition.
260 _aSt. Louis, Missouri :
_bElsevier,
_c2018.
300 _axiii, 429 pages :
_b illustrations ;
_c28 cm.
336 _2rdamedia
_atext
_btxt
337 _2rdamedia
_aunmediated
_bn
338 _2rdamedia
_avolume
_bnc
504 _aIncludes bibliographical references and index.
650 _vUrine -- Analysis.
650 _vBody fluids -- Analysis.
650 _vClinical chemistry.
650 _vUrinalysis.
650 _vBody Fluids -- chemistry.
650 _vChemistry, Clinical.
942 _2lcc
_cBOOKS
_eFourth edition.
_hRB53 BRU
_kRB
_mBRU
_n0
999 _c171211
_d171211